000 00639cam a22002531 4500
001 sa 68005319
003 DLC
005 20260227112507.0
008 950221s1965 ii 000 0 tamo
010 _asa 68005319
025 _aPL480:I-T-2005
035 _a(OCoLC)32029496
040 _aDLC
_cCU
_dCU
_dDLC
042 _apremarc
050 0 0 _aPL4758.05
_b.K33
100 1 _aKapilan, V.
245 1 0 _aMan̲aiyar̲am.
260 _c[1965]
300 _a64 p.
_c18 cm.
500 _aIn Tamil.
650 0 _aTamil literature
_xHistory and criticism.
650 0 _aMarried women in literature.
650 0 _aMothers in literature.
999 _c80651
_d80651